| 000 | 00390nam a2200169Ia 4500 | ||
|---|---|---|---|
| 008 | 210210b1937 xxu||||| |||| 00| 0 eng d | ||
| 041 | _aeng | ||
| 082 | _a942/160 | ||
| 100 | _aMARCHAM (F G) | ||
| 245 | _aHistory of England | ||
| 260 |
_aNew Yrok _bThe Macmillan Co _c1937 |
||
| 650 | _aof | ||
| 650 | _aHistory | ||
| 650 | _aEngland | ||
| 690 | _aEuropean History | ||
| 906 | _a025567 | ||
| 999 |
_c151448 _d151448 |
||